Online
Catalog

Carta al padre / (Record no. 13471)

MARC details
000 -CABECERA
campo de control de longitud fija 00635nam a2200217 a 4500
001 - NÚMERO DE CONTROL
campo de control 000013863
005 - FECHA Y HORA DE LA ÚLTIMA TRANSACCIÓN
campo de control 20200929163357.0
008 - DATOS DE LONGITUD FIJA--INFORMACIÓN GENERAL
campo de control de longitud fija 091130s1996 ve 001 f spa d
020 ## - NÚMERO INTERNACIONAL ESTÁNDAR DEL LIBRO
Número Internacional Estándar del Libro 9803540289
040 ## - FUENTE DE LA CATALOGACIÓN
Centro catalogador/agencia de origen DO-SdBNP
Lengua de catalogación spa
Centro/agencia transcriptor BNPHU
082 ## - NÚMERO DE LA CLASIFICACIÓN DECIMAL DEWEY
Número de clasificación 891.864
Número de documento/Ítem K11c
100 1# - ENTRADA PRINCIPAL--NOMBRE DE PERSONA
Nombre de persona Kafka, Franz,
Fechas asociadas al nombre 1883-1924
9 (RLIN) 31399
245 10 - MENCIÓN DE TÍTULO
Título Carta al padre /
Mención de responsabilidad, etc. Franz Kafka.
260 ## - PUBLICACIÓN, DISTRIBUCIÓN, ETC.
Lugar de publicación, distribución, etc. Caracas :
Nombre del editor, distribuidor, etc. Alfadil,
Fecha de publicación, distribución, etc. 1996.
300 ## - DESCRIPCIÓN FÍSICA
Extensión 72, [1] p. ;
Dimensiones 22 cm.
490 1# - MENCIÓN DE SERIE
Mención de serie Orinoco
Designación de volumen o secuencia 49
500 ## - NOTA GENERAL
Nota general Incluye datos biográficos del autor en la solapa
650 #4 - PUNTO DE ACCESO ADICIONAL DE MATERIA--TÉRMINO DE MATERIA
Término de materia o nombre geográfico como elemento de entrada Novela checa
9 (RLIN) 12956
650 #4 - PUNTO DE ACCESO ADICIONAL DE MATERIA--TÉRMINO DE MATERIA
Término de materia o nombre geográfico como elemento de entrada Literatura checa
9 (RLIN) 12957
830 #0 - PUNTO DE ACCESO ADICIONAL DE SERIE-TÍTULO UNIFORME
Título uniforme Orinoco ;
Designación de volumen o secuencia 49
9 (RLIN) 21401
Holdings
Estado de retiro Estado de pérdida Restricciones de uso No para préstamo Código de colección Localización permanente Ubicación/localización actual Ubicación en estantería Fecha de adquisición Número de inventario Total de préstamos Signatura topográfica completa Código de barras Fecha visto por última vez Precio válido a partir de Tipo de ítem Koha Número de copia
    Préstamo interno   Monografías: Libros y Folletos General General Depósito 30.11.2009 LF1   891.864 K11c 13863-10 25.06.2020 25.06.2020 Préstamo interno  
      Excluido de préstamo Monografías: Libros y Folletos General General Depósito 30.11.2009 LF1   891.864 K11c 13863-20 25.06.2020 25.06.2020 No se presta e. 2
        Monografías: Libros y Folletos General General Orden iniciada 26.05.2017 LF1   891.864 K11c 13863-30 25.06.2020 25.06.2020 No se presta  
        Monografías: Libros y Folletos General General Orden iniciada 26.05.2017 LF1   891.864 K11c 13863-40 25.06.2020 25.06.2020 No se presta  

Powered by Koha